MARC

LEADER 00000nam0a2200000 4500
001 363202
005 20231101043706.0
035 |a (RuTPU)RU\TPU\retro\20549 
090 |a 363202 
100 |a 20210922d1980 km y0rusy50 ca 
101 0 |a rus 
102 |a RU 
105 |a y z 000zy 
200 1 |a Технический инспектор труда  |f Г. В. Лесенко 
210 |a Москва  |c Профиздат  |d 1980 
215 |a 288 с.  |c ил. 
606 1 |a Профсоюзные организации  |x Произхводственно-массовая работа  |2 stltpush  |3 (RuTPU)RU\TPU\subj\52967 
610 1 |a труд 
610 1 |a трудовые отношения 
610 1 |a техническая инспекция 
610 1 |a кадры 
610 1 |a обследование 
610 1 |a условия труда 
610 1 |a безопасность труда 
610 1 |a стандарты 
610 1 |a производственный травматизм 
610 1 |a профилактика 
610 1 |a несчастные случаи 
610 1 |a охрана труда 
610 1 |a надзор 
686 |a Ф72(2)32  |v LBC/SL-A  |2 rubbk 
700 1 |a Лесенко  |b Г. В.  |g Георгий Васильевич 
801 1 |a RU  |b 63413507  |c 20210922 
801 2 |a RU  |b 63413507  |c 20210922  |g RCR 
942 |c BK